000 00515nam a22001937a 4500
003 OSt
005 20161004123712.0
008 161004b xxu||||| |||| 00| 0 eng d
020 _a075061031x
040 _cDNLM.
082 _aWL560M28p 1991.
100 _aMaitland,G.D;
_911131
245 _aPeripheral Manipulation.
260 _aBoston.
_bButterworth-Heinemann Ltd.
_c1991.
300 _ax,322p;
_bill;
_c24cm.
504 _aReferences and index are included.
650 _aMuscle.
_911132
942 _2z
_cO_SHELF
999 _c5299
_d5299